Star Wars Planets in Sequels - Statistics

General Stats
  • This quiz has been taken 22 times
    14 since last reset
  • The average score is 7 of 19
Answer Stats
Hint Answer % Correct
The Force Awakens Jakku
83%
The Rise of Skywalker Tatooine
67%
The Last Jedi Cantonica
50%
The Force Awakens D'qar
50%
The Rise of Skywalker Exegol
50%
The Force Awakens Takodana
50%
The Force Awakens Ahch-To
33%
The Last Jedi Ahch-To
33%
The Rise of Skywalker Ajan Kloss
33%
The Last Jedi Crait
33%
The Force Awakens Hosnian Prime
33%
The Force Awakens Ilum
33%
The Rise of Skywalker Kijimi
33%
The Rise of Skywalker Pasaana
33%
The Rise of Skywalker Ivexia
17%
The Rise of Skywalker Kef Bir
17%
The Rise of Skywalker Mustafar
17%
The Rise of Skywalker Sinta Glacier
17%
The Rise of Skywalker Cardovyte
0%
No matching quizzes found
Score Distribution
Percent of People with Each Score
Percentile by Number Answered
Your Score History
You have not taken this quiz since the last reset